000 00481nam a2200169Ia 4500
999 _c5754
_d5754
003 OSt
005 20200129151253.0
008 190216s9999||||xx |||||||||||||| ||und||
040 _coclc
082 _a346.54082
_bVAR/B
100 _aVarshney, P N
_91006
245 0 _aBanking Law And Practice /
_cP N Varshney
250 _a18th ed.
260 _bS Chand & Co,
_c1999.
_aNew Delhi:
300 _a1032p
942 _cBK
_2ddc
_h346.54082
_iVAR/B
_k346.54082
_mVAR/B